50 premiers pays par IDH - Statistiques

Statistiques générales
  • Ce quiz a été pris 197 fois
  • Le résultat moyen est 38 sur 50
Statistiques - réponses
Classement IDH Pays % Correct
21 0.921 États-Unis
98%
28 0.903 France
98%
15 0.936 Canada
96%
27 0.905 Espagne
96%
19 (ex-aequo) 0.925 Japon
94%
2 0.961 Norvège
94%
1 0.962 Suisse
94%
11 0.940 Finlande
93%
7 0.947 Suède
93%
6 0.948 Danemark
91%
30 0.895 Italie
91%
18 0.929 Royaume-Uni
91%
38 0.866 Portugal
90%
9 0.942 Allemagne
89%
3 0.959 Islande
89%
8 0.945 Irlande
88%
5 0.951 Australie
86%
19 (ex-aequo) 0.925 Corée du Sud
86%
34 0.876 Pologne
86%
13 (ex-aequo) 0.937 Belgique
85%
17 0.930 Luxembourg
85%
25 0.916 Autriche
84%
33 0.887 Grèce
82%
10 0.941 Pays-Bas
81%
31 0.890 Estonie
80%
35 (ex-aequo) 0.875 Lituanie
80%
13 (ex-aequo) 0.937 Nouvelle-Zélande
79%
39 0.863 Lettonie
78%
40 (ex-aequo) 0.858 Croatie
77%
46 0.846 Hongrie
77%
23 (ex-aequo) 0.918 Slovénie
76%
45 0.848 Slovaquie
74%
40 (ex-aequo) 0.858 Andorre
73%
32 0.889 République Tchèque
73%
47 0.842 Argentine
72%
26 0.911 Émirats Arabes Unis
72%
16 0.935 Liechtenstein
72%
44 0.853 Saint-Marin
72%
43 (ex-aequo) 0.855 Qatar
67%
12 0.939 Singapour
67%
48 0.838 Turquie
67%
23 (ex-aequo) 0.918 Malte
66%
35 (ex-aequo) 0.875 Arabie Saoudite
64%
42 (ex-aequo) 0.855 Chili
59%
22 0.919 Israël
59%
29 0.896 Chypre
51%
50 0.831 Koweït
44%
35 (ex-aequo) 0.875 Bahreïn
43%
49 0.832 Monténégro
36%
4 0.952 Hong Kong
14%
Aucun quiz correspondant
Distribution des résultats
% des personnes avec chaque résultat
Percentile par nombre de réponses
Votre historique - résultats
Vous n’avez pas pris ce quiz